Quizzes
Events
Quiz Creation
Community
Videos
Private Events
Remove Ads
Sign In
Join for FREE
Feedback
Dark Mode
Quiz Categories
Sports
Geography
Music
Movies
Television
Just For Fun
Miscellaneous
History
Literature
Language
Science
Gaming
Entertainment
Religion
Holiday
For Kids
Quiz Lab
Recent
Popular Today
Quiz Kudos Today
Editor Picks
Curator Picks
Quizzes by...
Day
Popularity
Type
Ratings
Length
Year
Community
Subscriptions
Recent Discussions
Orange Saloon
Badges
Playlists
Quests
Create
Leaderboards
Showdown
Live 5
Trivia Bingo
Activity
Puzzle Library
Sporcle Events
Private Events
Virtual Trivia
Globe League
Become a Host
Pub Owners
SporcleCon
Opinionation
Our Games
Videos
Blog
Mobile Apps
Partnerships
Remove Ads and Go Orange
Feedback
Sports
Athletes
MLB
NBA
NHL
NFL
Soccer
Sports Teams
WWE
NCAA
Football
Premier League
Basketball
Baseball
Hockey
Golf
Tennis
Cricket
Rugby
Auto Racing
Olympics
World Cup
Sports
Athletes
MLB
NBA
NHL
NFL
Soccer
Sports Teams
WWE
NCAA
Football
Premier League
Basketball
Baseball
Hockey
Golf
Tennis
Cricket
Rugby
Auto Racing
Olympics
World Cup
Random Quiz
Search Sporcle
×
Quiz Lab
Quiz Lab
Sports
Basketball
Type in answers that appear in a list
Type in answers that appear in a list
Classic
Best Score? Go Orange.
College Basketball AP All Americans 2000-2011 Stats
Can you name the College Basketball AP 1st Team All Americans 2000-2011?
By
jvdawgs
10m
61 Questions
476 Plays
476 Plays
476 Plays
Comments
Comments
Give Quiz Kudos
Give Quiz Kudos
-
- Ratings
hide this ad
Replay
Link that replays current quiz
Next Quiz
Link to next quiz in quiz playlist
You Got
0%
They Got
Avg Score
61%
Avg Friend Score
Upgrade to see
Score Distribution
Jump to the score distribution portion of the page
Score
0/61
Timer
10:00
0
Plays Today
Player
% Correct
Jay Williams
90.1%
Jay Williams
90.1%
Shelden Williams
90.1%
Jimmer Fredette
89.7%
Stephen Curry
89.1%
Blake Griffin
87%
Kevin Durant
85.5%
Kemba Walker
85.5%
Tyler Hansbrough
83.8%
Tyler Hansbrough
83.8%
Tyler Hansbrough
83.8%
Adam Morrison
82.6%
John Wall
81.3%
Kevin Love
81.1%
Chris Paul
80.3%
James Harden
79.6%
Dwayne Wade
78.6%
Jameer Nelson
78.4%
J.J. Redick
77.9%
J.J. Redick
77.9%
Michael Beasley
77.5%
JaJuan Johnson
76.5%
Wes Johnson
76.3%
David West
75.6%
Nolan Smith
74.8%
Jared Sullinger
73.9%
Shane Battier
73.3%
Evan Turner
71.4%
Emeka Okafor
71.2%
Andrew Bogut
69.7%
Kenyon Martin
68.9%
Player
% Correct
Chris Douglas-Roberts
66.6%
DeJuan Blair
64.9%
Acie Law
64.3%
Dee Brown
64.1%
Juan Dixon
63.9%
Nick Collison
62.4%
T.J. Ford
61.6%
Scottie Reynolds
61.3%
Brandon Roy
59.7%
Randy Foye
50.8%
Hakim Warrick
49.4%
Marcus Fizer
46%
Arron Afflalo
45.2%
Sherron Collins
41.8%
Alando Tucker
41.2%
D.J. Augustin
41%
Troy Murphy
40.3%
Troy Murphy
40.3%
Josh Howard
38.2%
Drew Gooden
36.1%
Ryan Gomes
36.1%
Dan Dickau
34%
Wayne Simien
28.6%
Joseph Forte
27.9%
Lawrence Roberts
24.4%
Chris Mihm
21.8%
Andre Emmett
19.7%
Steve Logan
18.7%
A.J. Guyton
17.2%
Chris Carrawell
13.9%
Quiz Playlist
Details
Report
Send in Message
Add To Playlist
Classic:
Type in answers that appear in a list
Quiz Source
Last Updated: Feb 16, 2017
Quiz Scoreboard
CHALLENGE
Sign Up to Join the Scoreboard
Show All
Scores
Hide
Comments
May contain spoilers
Recently Published
College Basketball Coaching Resumes
by pancakes188
Sports
9m
Billboard Blitz: Fleetwood Mac
by CooCooCachoo
Music
15s
Presidents Visiting Landmarks
by Hejman
History
7m
More to Explore
Quiz From the Vault
Featured Blog Post
Where Did the Easter Bunny Come From?
hide this ad
You Might Also Like...
Tags
Basketball Quiz
College Quiz
All-American
America
First Team
NCAA Basketball
Player
team
Today's Top Quizzes in Sports
Browse Sports
hide this ad
Today's Top Quizzes in Basketball
Browse Basketball
Top Contributed Quizzes in Sports
1
2022 World Cup Stars
2
Les meilleurs buteurs des matchs entre le PSG et l’OM
3
FIFA Club World Cup Champions
4
Les entraîneurs de l'OM et du PSG au 21e siècle
5
Criteria MLB: Left Handed Sluggers
6
AFC Teams Reveal (Wrong Answers Minefield)
7
2023 MLB Unique Player Accomplishments
8
Players with Multiple 50 Home Run Seasons
9
5-to-1: FBS Animal Nicknames
10
5-to-1: UK Sports Teams
Explore More
Trending Topics
Kpop
Crossword
Disney
Harry Potter
NBA
Anime
Marvel
NFL
Country
Pokémon
Song
WWE
Puzzle
Soccer
The Office
hide this ad
More By:
jvdawgs
Quiz
Plays
Rating
Category
Featured
Created
Isogram Europe
80,290
4.49
Geography
Jul 4, 2011
Baseball Stat Leaders 2000-2010
24,041
4.07
Sports
Apr 7, 2011
College Football Conference Championships 2000-2010
16,885
4.02
Sports
Jul 12, 2011
Number One Rap Songs 2001-2011
9,284
4.00
Music
Jan 6, 2011
NBA Yearly Stat Leaders 2000-2010
5,866
4.17
Sports
Mar 2, 2011
Go to Creator's Profile
Score Distribution
Quiz Creator Spotlight
jvdawgs
Follow
Send a Message
Quizzes Created
-
Created Quiz Play Count
-
More By This Creator
Popular Quizzes Today
1
Find the US States - No Outlines Minefield
2
Find the Countries of Europe - No Outlines Minefield
3
The Countries of the World
4
Find the US States
5
Risky Map Clicking: Biggest States A-Z
6
US States
7
Popular People in 1961
8
Movies - When Are They Set?
More Sports Quizzes
#23 Athletes
Published
Trending Quizzes
Risky Map Clicking: Least Populous States A-Z
1-10 Letter G Words
1-10 Letter F Words
Risky Map Clicking: Next State Alphabetically
Risky Map Clicking: Biggest States A-Z
Recently Updated
Leaping Animals
pecheneg
Reality TV Shows (A-Z)
bhenderson79
Rickey Henderson's Hall of Fame Teammates
pecheneg
Champions League XIs: Arsenal
pecheneg
Quick Pick: Celebrities in WWE's Hall of Fame
aduchscher
A-Z Keypad Blitz II
pecheneg
Multiple Oscar Actors
pecheneg
Mystery Phrase Blitz: Oscar 'Best Actors'
pecheneg
F. Scott Fitzgerald Novels
LTH
Pick 3 Villains
ddd62291
Trending Topics
Anime
Disney
NBA
Crossword
Marvel
Harry Potter
Kpop
Puzzle
WWE
Song
NFL
Pokémon
Country
The Office
Soccer
Your Account Isn't Verified!
In order to create a playlist on Sporcle, you need to verify the email address you used during registration. Go to your
Sporcle Settings
to finish the process.
Report this User
Report this user for behavior that violates our
Community Guidelines
.
Details:
Send Report
Go to the Sporcle.com Mobile Site →
Comments